| 000 | 00607nam a2200205Ia 4500 | ||
|---|---|---|---|
| 005 | 20250508151748.0 | ||
| 008 | 008 250505s9999 xx 000 0 eng d | ||
| 037 | _aTextual | ||
| 040 |
_aFEDL _beng _cFEDL |
||
| 041 |
_aeng _2eng |
||
| 084 |
_a331, GOU _qFEDL |
||
| 100 | _aGouldner Alvin W. | ||
| 245 | 0 | _aPatterns of industrial bureaucracy | |
| 260 |
_aLondon, UK _bRoutledge and Kegan Paul Limited _c1955 |
||
| 300 | _a282p. | ||
| 490 | _aInternational library of sociology and social reconstruction | ||
| 650 | _aEconomics | ||
| 942 |
_cTEXL _h331, GOU |
||
| 999 |
_c1331988 _d1331988 |
||